| 000 | 00552nam a2200181 a 4500 | ||
|---|---|---|---|
| 001 | 000032522 | ||
| 003 | OSt | ||
| 005 | 20201104080752.0 | ||
| 008 | 11041402008 dr 000 0 spa d | ||
| 040 |
_aDO-SdBNP _bspa _cBNPHU |
||
| 082 |
_axxx _bC741g |
||
| 245 | 0 | 0 |
_aComunicación gubernamental : _blecturas recomendadas. |
| 260 |
_aSanto Domingo : _bDirección de Informacion, Prensa y Publicidad de la Presidencia, _c2008. |
||
| 300 |
_a71 p. ; _c23 cm. |
||
| 590 | _aInventariado, 2020/ DG | ||
| 910 | _aInventariado, 2020 / DG | ||
| 942 |
_2ddc _cLBS1 |
||
| 999 |
_c32013 _d32013 |
||